Pays de l'empire Belge - Statistiques

Statistiques générales
  • Ce quiz a été pris 127 fois
  • Le résultat moyen est 3 sur 6
Statistiques - réponses
Continent Réponse % Correct
Afrique RD du Congo
100%
Europe Belgique
86%
Afrique Rwanda
76%
Afrique Burundi
64%
Asie Chine (Tianjin)
1%
Afrique Maroc (Tangier)
1%
Aucun quiz correspondant
Distribution des résultats
% des personnes avec chaque résultat
Percentile par nombre de réponses
Votre historique - résultats
Vous n’avez pas pris ce quiz